Vista normal
Vista MARC
Entrada Personal Name
Número de registros utilizados en: 2
001 - CONTROL NUMBER
- control field: 5021
003 - CONTROL NUMBER IDENTIFIER
- control field: DLC
005 - DATE AND TIME OF LATEST TRANSACTION
- control field: 20230803085921.0
008 - FIXED-LENGTH DATA ELEMENTS
- fixed length control field: 111115n| azannaabn |a aaa c
010 ## - LIBRARY OF CONGRESS CONTROL NUMBER
- LC control number: ns2011001970
035 ## - SYSTEM CONTROL NUMBER
- System control number: (OCoLC)oca09037883
040 ## - CATALOGING SOURCE
- Original cataloging agency: MX-SlUA
- Language of cataloging: spa
- Description conventions: rda
- Transcribing agency: Mx-PuUPA
- Modifying agency: MX-MoT
- Modifying agency: IEN
- Modifying agency: Mx-PuUPA
100 1# - HEADING--PERSONAL NAME
- Personal name: Ochoa Setzer, Guadalupe,
374 ## - OCCUPATION
- Occupation: Autor
375 ## - GENDER
- Gender: mujer
377 ## - ASSOCIATED LANGUAGE
- Language code: spa
400 1# - SEE FROM TRACING--PERSONAL NAME
- Personal name: Setzer, Guadalupe Ochoa
400 1# - SEE FROM TRACING--PERSONAL NAME
- Personal name: Ochoa Setzer, Guadalupe A.
400 1# - SEE FROM TRACING--PERSONAL NAME
- Personal name: Setzer, Guadalupe A. Ochoa
400 1# - SEE FROM TRACING--PERSONAL NAME
- Personal name: Ochoa Setzer, Guadalupe Angélica
400 1# - SEE FROM TRACING--PERSONAL NAME
- Personal name: Setzer, Guadalupe Angélica Ochoa
670 ## - SOURCE DATA FOUND
- Source citation: ¿Te engañan o te engañas... ? : finanzas personales, 2010:
- Information found: t.p. (Guadalupe Ochoa Setzer)
670 ## - SOURCE DATA FOUND
- Source citation: Administración financiera correlacionada con las NIF, ©2012:
- Information found: title page (Guadalupe A. Ochoa Setzer)
670 ## - SOURCE DATA FOUND
- Source citation: Administración financiera, 1996:
- Information found: page 7 (Guadalupe Angélica Ochoa Setzer)